| 000 | 00738cam a2200241 4500 | ||
|---|---|---|---|
| 001 | ABS63288 | ||
| 008 | 000000n2001 000 0 eng u | ||
| 035 | _a(Sirsi) u110289 | ||
| 245 | _aRegional survey: Somerset, Devon and Cornwall | ||
| 260 | _c2001 | ||
| 490 |
_aProperty Week _v66(1) 5 January 2001, 43-50(6) |
||
| 590 | _aABS | ||
| 650 | _aEXETER | ||
| 650 | _aPROPERTY-COMMERCIAL PROPERTY-OFFICE PROPERTY-OFFICE PROPERTY MARKET | ||
| 650 | _aPROPERTY-COMMERCIAL PROPERTY-RETAIL PROPERTY-RETAIL PROPERTY MARKET | ||
| 650 | _aINDUSTRIAL MARKET | ||
| 650 | _aSOMERSET | ||
| 650 | _aDEVON | ||
| 650 | _aCORNWALL | ||
| 650 | _aPLYMOUTH | ||
| 690 | _aPROPERTY-COMMERCIAL PROPERTY-COMMERCIAL PROPERTY MARKET | ||
| 942 | _n0 | ||
| 999 |
_c65768 _d65768 |
||